Bundesliga Main Keepers 24/25 - Statistics

General Stats
  • This quiz has been taken 19 times
  • The average score is 11 of 18
Answer Stats
Picture Answer % Correct
Manuel Neuer
100%
Kevin Trapp
82%
Gregor Kobel
76%
Lukas Hradecky
76%
Alexander Nübel
71%
Oliver Baumann
71%
Frederik Rönnow
65%
Kevin Müller
65%
Peter Gulacsi
65%
Robin Zentner
65%
Kamil Grabara
59%
Noah Atubolu
59%
Patrick Drewes
53%
Michael Zetterer
47%
Moritz Nicolas
47%
Nikola Vasilj
47%
Timon Weiner
41%
Nediljko Labrovic
35%
No matching quizzes found
Score Distribution
Percent of People with Each Score
Percentile by Number Answered
Your Score History
You have not taken this quiz